|
|
|
|
| LEADER |
00000cam a22000004a 4500 |
| 001 |
musev2_21135 |
| 003 |
MdBmJHUP |
| 005 |
20230905042245.0 |
| 006 |
m o d |
| 007 |
cr||||||||nn|n |
| 008 |
110705s2011 ilu o 00 0 eng d |
| 020 |
|
|
|a 9780810165731
|
| 020 |
|
|
|z 9780810127999
|
| 035 |
|
|
|a (OCoLC)867786138
|
| 040 |
|
|
|a MdBmJHUP
|c MdBmJHUP
|
| 100 |
1 |
|
|a Schwartz, Lynne Sharon.
|
| 245 |
1 |
0 |
|a See You in the Dark :
|b Poems /
|c Lynne Sharon Schwartz.
|
| 264 |
|
1 |
|a Evanston, Ill. :
|b Curbstone Books,
|c 2011.
|
| 264 |
|
3 |
|a Baltimore, Md. :
|b Project MUSE,
|c 2013
|
| 264 |
|
4 |
|c ©2011.
|
| 300 |
|
|
|a 1 online resource (101 pages):
|b illustrations
|
| 336 |
|
|
|a text
|b txt
|2 rdacontent
|
| 337 |
|
|
|a computer
|b c
|2 rdamedia
|
| 338 |
|
|
|a online resource
|b cr
|2 rdacarrier
|
| 505 |
0 |
|
|a Greeting -- Pink tree -- First fig at fifty -- The impossible dream -- Refugees -- Carol the witch -- Written on waking -- Flu -- Trail -- Untranslatable -- Pickles -- Reading the hair -- Saint Alexius's mother -- Everything is evaluated -- Sleeping with him -- Butterfly in the lecture hall -- How to approach a new idea -- The second grade visits the art museum -- Projections -- Ars poetica, or soup -- Repotting -- So you want to be a druid -- Man with unspoken words -- Traumaman -- Man -- according to the movies -- Woman -- according to the movies -- From Catullus -- Shrinking Verlaine -- Alternate histories -- The boy obsessed -- Love's outlaws -- Emotion -- Not quite missed connections, Craigslist.org -- The girdle -- Cement backyard -- Not quite gone -- The afterlife -- A very lavish wedding -- Chewing thread -- Conjecturing -- Thank you note -- Consider pain -- A moment's peace -- Wind dummy -- Winter soldier -- Significant cities -- Watching them go -- Hurricanes -- In between -- On my knees -- Ecstasy -- To the younger lover -- Lights out -- The key -- Christmas cactus -- Sleeping dancers -- Coda -- Sarah and Jack dancing in 1959 -- Near November.
|
| 546 |
|
|
|a English.
|
| 588 |
|
|
|a Description based on print version record.
|
| 650 |
|
7 |
|a American Literature.
|2 hilcc
|
| 650 |
|
7 |
|a Languages & Literatures.
|2 hilcc
|
| 650 |
|
7 |
|a English.
|2 hilcc
|
| 655 |
|
7 |
|a Electronic books.
|2 local
|
| 710 |
2 |
|
|a Project Muse.
|e distributor
|
| 830 |
|
0 |
|a Book collections on Project MUSE.
|
| 856 |
4 |
0 |
|z Texto completo
|u https://projectmuse.uam.elogim.com/book/21135/
|
| 945 |
|
|
|a Project MUSE - Custom Collection
|
| 945 |
|
|
|a Project MUSE - 2011 Complete Supplement
|
| 945 |
|
|
|a Project MUSE - 2011 Poetry, Fiction and Creative Non-Fiction Supplement
|